| 000 | 01418nam a22002297a 4500 | ||
|---|---|---|---|
| 999 |
_c63739 _d63739 |
||
| 003 | Ge_BSU | ||
| 005 | 20251219130739.0 | ||
| 008 | 251218s2025 ge ||||| |||| 00| 0 geo d | ||
| 020 | _a9789941974205 | ||
| 041 | _ageo | ||
| 080 | _a811.124(073) ბ-83 | ||
| 100 |
_aბოლქვაძე, ბესიკ _91967 |
||
| 245 |
_aლათინური გამონათქვამები და საუნივერსიტეტო ლექსიკის ლათინური საწყისები / _cბესიკ ბოლქვაძე; რედ. დ. ფაჩულია; თსუ. კლასიკურ ფილოლოგიის, ბიზანისტიკისა და ნეოგრეცისტიკის ინსტიტუტი. |
||
| 264 |
_aთბილისი : _bლოგოსი, _c2025. |
||
| 300 |
_a116 გვ.; _b20 სმ. |
||
| 500 | _aეძღვნება ავტორის ძმისშვილს | ||
| 504 | _aბიბვლიოგრ. გვ. 114-116 | ||
| 653 | _aლექსიკა | ||
| 700 |
_aფაჩულია, დ. _eრედაქტორი _926559 |
||
| 710 |
_a თსუ. _bკლასიკურ ფილოლოგიის, ბიზანისტიკისა და ნეოგრეცისტიკის ინსტიტუტი. _926560 |
||
| 942 |
_2udc _cᲬᲘᲒᲜᲘ |
||